000 00614nam a2200241 a 4500
001 nice12345678
003 IN_TiNIC
005 20260116012648.0
008 050524s1979 newa grp 000 0 eng
020 _a
_c45
082 0 0 _a304.66
_bKHA
100 _aKhan, M E
245 _aFamily Planning Among Muslims in India; a Study of the Reproductive Behavio
260 _aNew Delhi
_bManohar Pub.
_c1979
300 _a198p
500 _aincludes index and biblioraphy
505 2 _aIndex
650 _aFamily-Planning Islam
700 1 _aKhan, M E
902 _bSRS
942 _cBK
999 _c7855
_d7855